000 00272nam a2200109Ia 4500
008 230907s9999||||xx |||||||||||||| ||und||
082 _a621.3192
_bFLO
245 0 _aPrinciples of electric circuits :
260 _aPearson,
_bNoida :
_c2019
300 _a974 p.
942 _cBK
999 _c600615
_d600615